LEADER 01074nam 2200349 450 001 9910815659903321 005 20230817181315.0 010 $a92-9261-665-X 035 $a(CKB)4100000008737514 035 $a(MiAaPQ)EBC5829863 035 $a(EXLCZ)994100000008737514 100 $a20190806d2019 uy 0 101 0 $aeng 135 $aurcnu|||||||| 181 $ctxt$2rdacontent 182 $cc$2rdamedia 183 $acr$2rdacarrier 200 00$aAid for trade in Asia and the Pacific $epromoting economic diversification and empowerment, July 2019 210 1$aMetro Manila, Philippines :$cWorld Trade Organization :$cAustralian Aid :$cAsian Development Bank,$d[2019] 210 4$dİ2019 215 $a1 online resource (119 pages) 311 $a92-9261-664-1 606 $aEconomic development$zAsia 615 0$aEconomic development 676 $a338.95 801 0$bMiAaPQ 801 1$bMiAaPQ 801 2$bMiAaPQ 906 $aBOOK 912 $a9910815659903321 996 $aAid for trade in Asia and the Pacific$93959667 997 $aUNINA LEADER 04965nam 22007575 450 001 9910908381003321 005 20241113115740.0 010 $a9783031750687 010 $a3031750683 024 7 $a10.1007/978-3-031-75068-7 035 $a(CKB)36549222000041 035 $a(MiAaPQ)EBC31781169 035 $a(Au-PeEL)EBL31781169 035 $a(DE-He213)978-3-031-75068-7 035 $a(EXLCZ)9936549222000041 100 $a20241113d2024 u| 0 101 0 $aeng 135 $aur||||||||||| 181 $ctxt$2rdacontent 182 $cc$2rdamedia 183 $acr$2rdacarrier 200 10$aAddressing Corruption in The Police Service $eThe Thick Blue Line /$fby Brendan Brookshaw 205 $a1st ed. 2024. 210 1$aCham :$cSpringer Nature Switzerland :$cImprint: Palgrave Macmillan,$d2024. 215 $a1 online resource (287 pages) 225 1 $aPalgrave's Critical Policing Studies,$x2730-5368 311 08$a9783031750670 311 08$a3031750675 327 $a -- Introduction. -- What is Police Corruption?. -- The Psychology of Police Corruption. -- The Ethics of Police Corruption?. -- The Management of Police Corruption?. -- Autoethnography as a valid research tool. -- The Triangle of Kakistocracy Model. -- Practical Applications of the Model. 330 $a"Brookshaw offers an original contribution with an excellent interface of theory and practical analysis. The research and application of the Triangle of Kakistocracy model are also rooted in the policing experience of the author and examine the subject of police corruption which can be of immediate value to researchers and practitioners in seeking an improvement in police conduct." -Prof. Kempe Ronald Hope, Sr., Director, Policy Group, Development Practice International, Canada. "Brookshaw provides a superb and uniquely novel analysis of police corruption, viscerally highlighting the disparity between the ethical presentation of police organizations and how they really operate. His concept of the 'honest cop belief' is an especially important frame for understanding the familiar culture of denial within the police and the rhetorical myth of police deviance resulting from a few-bad-apples. Theoretically and empirically rich, this insider account lifts the lid on the social, institutional, political and cultural contexts that enables police deviance." -Dr. Bethan Loftus, Reader in Criminology and Criminal Justice, Bangor University, UK. This book offers an autoethnographic examination of the author's last three years as a serving police officer and as Head of the Professional Standards Department, recorded in personal journals. It analyses the emotional and philosophical impact arising from day-to-day interactions with police officers and reflects on corruption and how it is perceived both inside and outside the service. This book posits a model of the kakistocratic police milieu as a theoretical framework for analysis of the police in contemporary neoliberal liquid modernity which could be used to explore other police phenomenological research data. This autoethnographic insider research provides a rare addition to the knowledge on police corruption. It speaks in particular to those doing professional policing degrees and police practitioners. Brendan Brookshaw completed his PhD at the University of Plymouth, UK, which was an autoethnographic examination of police attitudes towards corrupt or improper practice by police officers. Since 2016 he has been a lecturer in Professional Policing and Criminology at Plymouth University and at City College Plymouth. In September 2018 Brendan retired from the Police as Detective Chief Inspector after 30 years' service. . 410 0$aPalgrave's Critical Policing Studies,$x2730-5368 606 $aCriminology 606 $aBusiness ethics 606 $aEthnology 606 $aCrime$xSociological aspects 606 $aStrategic planning 606 $aLeadership 606 $aPsychology, Industrial 606 $aCrime Control and Security 606 $aBusiness Ethics 606 $aEthnography 606 $aCrime and Society 606 $aBusiness Strategy and Leadership 606 $aLeadership Psychology 615 0$aCriminology. 615 0$aBusiness ethics. 615 0$aEthnology. 615 0$aCrime$xSociological aspects. 615 0$aStrategic planning. 615 0$aLeadership. 615 0$aPsychology, Industrial. 615 14$aCrime Control and Security. 615 24$aBusiness Ethics. 615 24$aEthnography. 615 24$aCrime and Society. 615 24$aBusiness Strategy and Leadership. 615 24$aLeadership Psychology. 676 $a364.1323 700 $aBrookshaw$b Brendan$01775934 801 0$bMiAaPQ 801 1$bMiAaPQ 801 2$bMiAaPQ 906 $aBOOK 912 $a9910908381003321 996 $aAddressing Corruption in the Police Service$94291107 997 $aUNINA LEADER 03307nam 22006135 450 001 9910983068903321 005 20250806174009.0 010 $a9789819768479 010 $a9819768470 024 7 $a10.1007/978-981-97-6847-9 035 $a(CKB)37203654600041 035 $a(MiAaPQ)EBC31878924 035 $a(Au-PeEL)EBL31878924 035 $a(DE-He213)978-981-97-6847-9 035 $a(OCoLC)1498708711 035 $a(EXLCZ)9937203654600041 100 $a20250114d2025 u| 0 101 0 $aeng 135 $aur||||||||||| 181 $ctxt$2rdacontent 182 $cc$2rdamedia 183 $acr$2rdacarrier 200 10$aAdvanced Controllers Design for Hybrid Active Power Filters /$fby Chi-Seng Lam, Cheng Gong, Wai-Kit Sou 205 $a1st ed. 2025. 210 1$aSingapore :$cSpringer Nature Singapore :$cImprint: Springer,$d2025. 215 $a1 online resource (229 pages) 225 0 $aEngineering Series 311 08$a9789819768462 311 08$a9819768462 327 $aIntroduction -- Deadbeat Current Control for LC HAPF -- Improved Model Predictive Control for LC HAPF -- Vector Proportional Integral Control for LC HAPF -- Second Order Sliding Model Control for LC HAPF -- Multi Quasi Proportional Resonant Control for TCLC HAPF -- H Control for TCLC HAPF -- Finite Set Model Predictive Control for TCLC HAPF -- Finite Set Hybrid Model Predictive Control for TCLC HAPF -- Second Order Sliding Model Observer based Second Order Sliding Model Control for TCLCHAPF -- Conclusions and Prospective for Further Work. 330 $aThe book focuses on different advanced current control strategies of LC-coupling hybrid active power filter (LC-HAPF) and Thyristor controlled LC-coupling hybrid active power filter (TCLC-HAPF). Both topologies and their corresponding advanced current control strategies are introduced, with more weight placed on the current control strategies. A total of 9 advanced current control strategies are studied in details for both LC-HAPF and TCLC-HAPF. The comprehensive and systematic treatment of advanced current controller design is one of the major features of the book, which is particularly suitable for readers who are interested in learning the design and implementation of current controller design for HAPFs. The book can benefit researchers, engineers, undergraduate and postgraduate students in the fields of electrical and electronic engineering, power electronics, control strategy, etc. 606 $aPower electronics 606 $aElectronic circuit design 606 $aAutomatic control 606 $aPower Electronics 606 $aElectronics Design and Verification 606 $aControl and Systems Theory 615 0$aPower electronics. 615 0$aElectronic circuit design. 615 0$aAutomatic control. 615 14$aPower Electronics. 615 24$aElectronics Design and Verification. 615 24$aControl and Systems Theory. 676 $a621.381044 700 $aLam$b Chi-Seng$0762978 701 $aGong$b Cheng$01785886 701 $aSou$b Wai-Kit$01785887 801 0$bMiAaPQ 801 1$bMiAaPQ 801 2$bMiAaPQ 906 $aBOOK 912 $a9910983068903321 996 $aAdvanced Controllers Design for Hybrid Active Power Filters$94317342 997 $aUNINA